00502nam a2200181Ia 450000500170000000800410001702000150005808200130007310000140008624500220010026000460012230000130016865000110018165000120019294200060020495200950021099900150030520250626024935.0240331s9999 xx 000 0 und d a9555536585 bRASa306 aRasnek, B 0aPaula ha Samajaya aDivulupitiyabSaraswathi Publishersc2011 a151 p ., aFamily aSociety cL 001040708LaWERCLbWERCLcSSCd2024-03-31l0o 306 RASp6683r2024-03-31w2024-03-31yL c5753d5753